[Event "Leiden SB-ch 1920"]
[Site "Leiden"]
[Date "2019.11.29"]
[Round "2"]
[White "Ada, Onur"]
[Black "Hoogeveen, Luuk"]
[Result "1-0"]
[WhiteElo "1566"]
[BlackElo "1592"]
[PlyCount "99"]
[EventDate "2019.11.08"]
[EventType "swiss"]
[EventRounds "7"]
[EventCountry "NED"]
[SourceTitle "EXT 2023"]
[Source "ChessBase"]
[SourceDate "2022.10.05"]
[SourceVersion "1"]
[SourceVersionDate "2022.10.05"]
[SourceQuality "1"]

1. e4 d6 2. d4 Nf6 3. Nc3 g6 4. Nf3 Bg7 5. h3 0-0 6. Be3 c6 7. Qd2 Nbd7 8. Bh6 e5 9. Bxg7 Kxg7 10. dxe5 dxe5 11. 0-0-0 Qc7 12. Qe3 b5 13. g4 b4 14. Ne2 Qb6 15. Ng3 Qxe3+ 16. fxe3 Nc5 17. Nxe5 Nfxe4 18. Nxe4 Nxe4 19. Rd4 Ng3 20. Rg1 Nxf1 21. Rxf1 c5 22. Rd5 c4 23. Nxc4 Be6 24. Rd4 a5 25. b3 Rfd8 26. Rxd8 Rxd8 27. Nxa5 Ra8 28. Nc6 Rxa2 29. Kb1 Ra8 30. Nxb4 Re8 31. Re1 f5 32. g5 Kf7 33. Nd3 Bd5 34. Nf4 Be4 35. Rd1 Ke7 36. Nd5+ Bxd5 37. Rxd5 Ke6 38. c4 Rb8 39. Kb2 Rb7 40. Kc3 Rf7 41. Rd4 Ke5 42. b4 Ra7 43. Kb2 h6 44. h4 hxg5 45. hxg5 Rh7 46. Kc3 Rh3 47. Kd3 Rg3 48. b5 Rxg5 49. b6 f4 50. exf4+ 1-0

[Event "Leiden SB-ch 1819"]
[Site "Leiden"]
[Date "2019.06.21"]
[Round "9"]
[White "Engelen, Niels"]
[Black "Hoogeveen, Luuk"]
[Result "1-0"]
[WhiteElo "1613"]
[BlackElo "1550"]
[PlyCount "67"]
[EventDate "2018.10.19"]
[EventType "swiss"]
[EventRounds "9"]
[EventCountry "NED"]
[SourceTitle "EXT 2023"]
[Source "ChessBase"]
[SourceDate "2022.10.05"]
[SourceVersion "1"]
[SourceVersionDate "2022.10.05"]
[SourceQuality "1"]

1. d4 g6 2. e4 d6 3. Nf3 Nf6 4. Nc3 Bg7 5. h3 0-0 6. Bd3 Nbd7 7. e5 dxe5 8. dxe5 Ne8 9. e6 fxe6 10. Bc4 Nd6 11. Bxe6+ Kh8 12. Be3 Nf6 13. Ng5 h6 14. h4 c6 15. Qe2 Qa5 16. 0-0-0 Bxe6 17. Nxe6 Nfe4 18. Nxg7 Nxc3 19. bxc3 Qa3+ 20. Kb1 Nb5 21. Bd4 Nxd4 22. Rxd4 Kxg7 23. Qe5+ Kg8 24. Qe6+ Kg7 25. Rg4 Rf6 26. Qe5 Qd6 27. Qe3 Re6 28. Re4 Rxe4 29. Qxe4 Rf8 30. f3 Rf4 31. Qe3 Rf5 32. Re1 Kf6 33. Qxh6 Rh5 34. Qf8# 1-0

[Event "Leiden SB-ch 1819"]
[Site "Leiden"]
[Date "2018.12.07"]
[Round "3"]
[White "Hoogeveen, Luuk"]
[Black "Plug, Arjan JH"]
[Result "0-1"]
[WhiteElo "1550"]
[BlackElo "1830"]
[PlyCount "146"]
[EventDate "2018.10.19"]
[EventType "swiss"]
[EventRounds "9"]
[EventCountry "NED"]
[SourceTitle "EXT 2023"]
[Source "ChessBase"]
[SourceDate "2022.10.05"]
[SourceVersion "1"]
[SourceVersionDate "2022.10.05"]
[SourceQuality "1"]

1. e4 e6 2. d3 d5 3. Nd2 Nf6 4. g3 Nc6 5. Bg2 dxe4 6. dxe4 Bc5 7. Ngf3 e5 8. 0-0 0-0 9. c3 a5 10. Qc2 b6 11. Nb3 Bd6 12. Bg5 Ba6 13. Rfd1 h6 14. Bxf6 Qxf6 15. a4 Rad8 16. Nfd2 Be7 17. Nf1 Rxd1 18. Rxd1 Rd8 19. Ne3 Rxd1+ 20. Qxd1 Qd6 21. Qg4 Bg5 22. Nf5 Qe6 23. h4 Qxb3 24. hxg5 hxg5 25. Qxg5 Qd1+ 26. Kh2 g6 27. Nh6+ Kf8 28. Qf6 Qh5+ 29. Qh4 Qxh4+ 30. gxh4 Be2 31. Kg3 Bd1 32. Ng4 Bxa4 33. Bf1 Bc2 34. f3 Ke7 35. Bb5 Na7 36. Ba6 Ba4 37. Ne3 Bc6 38. Bc4 Nc8 39. Kg4 f6 40. Bd5 Bd7+ 41. Kg3 Be6 42. Bb7 Nd6 43. Ba6 c6 44. Be2 Nb7 45. Bd3 Nc5 46. Bc4 b5 47. Be2 Na4 48. c4 b4 49. b3 Nc3 50. Bd3 a4 51. bxa4 Nxa4 52. Bc2 Nc5 53. f4 exf4+ 54. Kxf4 b3 55. Bb1 Na4 56. Bd3 b2 57. e5 fxe5+ 58. Kxe5 Bf7 59. Kd4 c5+ 60. Ke5 Nc3 61. Nd5+ Bxd5 62. cxd5 b1Q 63. Bxb1 Nxb1 64. d6+ Kd7 65. Kd5 c4 66. Kxc4 Kxd6 67. Kd4 Ke6 68. Ke4 Nd2+ 69. Kf4 Kf6 70. Kg4 Ne4 71. h5 g5 72. h6 Kg6 73. h7 Nf6+ 0-1

[Event "Leiden op-B 12th"]
[Site "Leiden"]
[Date "2018.07.20"]
[Round "7"]
[White "Hoogeveen, Luuk"]
[Black "Both, Gert"]
[Result "0-1"]
[WhiteElo "1647"]
[BlackElo "1854"]
[PlyCount "60"]
[EventDate "2018.07.13"]
[EventType "swiss"]
[EventRounds "9"]
[EventCountry "NED"]
[SourceTitle "EXT 2019"]
[Source "ChessBase"]
[SourceDate "2018.10.10"]
[SourceVersion "1"]
[SourceVersionDate "2018.10.10"]
[SourceQuality "1"]

1. Nf3 Nf6 2. g3 g6 3. Bg2 Bg7 4. 0-0 0-0 5. d3 c5 6. e4 d6 7. c3 Nc6 8. Re1 Qc7 9. d4 cxd4 10. cxd4 e5 11. d5 Ne7 12. Nc3 a6 13. a4 h6 14. a5 Kh7 15. Be3 Nd7 16. Nd2 f5 17. f3 f4 18. Bf2 b5 19. axb6 Nxb6 20. Qe2 Bb7 21. Rec1 Qd8 22. Na4 Nxa4 23. Rxa4 g5 24. Nb3 Qd7 25. Rac4 Rac8 26. Bb6 Qb5 27. Ba5 Qxb3 28. R4c3 Qa4 29. Bb6 Qb5 30. Qf2 Rxc3 0-1